[Event "NAYCC U18"]
[Site "Windsor CAN"]
[Date "2016.08.08"]
[Round "2.7"]
[White "Dorrance, Adam"]
[Black "Mathews, Jeremy"]
[Result "1-0"]
[WhiteElo "2254"]
[BlackElo "1701"]
[PlyCount "147"]
[EventDate "2016.08.07"]
[EventType "swiss"]
[EventRounds "9"]
[EventCountry "CAN"]

1. e4 e5 2. Nf3 Nc6 3. d4 exd4 4. Bc4 Nf6 5. e5 d5 6. Bb5 Ne4 7. Nxd4 Bd7 8.
Bxc6 Bxc6 9. O-O Bc5 10. Be3 Bxd4 11. Qxd4 Ng5 12. c3 Ne6 13. Qd2 f6 14. exf6
Qxf6 15. Na3 O-O 16. Nc2 Rae8 17. Nb4 Nf4 18. Nxc6 bxc6 19. Bxf4 Qxf4 20. Qxf4
Rxf4 21. f3 Rf6 22. Rfe1 Rfe6 23. Rxe6 Rxe6 24. Kf2 c5 25. Rd1 c6 26. Rd3 Kf7
27. h4 Ke7 28. c4 Kd6 29. cxd5 cxd5 30. Ra3 Re7 31. Ra6+ Ke5 32. Ke3 d4+ 33.
Kd3 Kd5 34. b3 Rd7 35. h5 Ke5 36. Ra5 Rc7 37. b4 Kd5 38. bxc5 Rd7 39. Ra4 Kxc5
40. Rc4+ Kb5 41. Rxd4 Rc7 42. Ke3 a5 43. a4+ Kc5 44. g4 Rb7 45. Re4 Kd5 46. Kf4
Rf7+ 47. Kg3 Rb7 48. Rf4 Ke5 49. g5 g6 50. h6 Kd5 51. Re4 Rf7 52. Re1 Kc4 53.
Rb1 Kd4 54. Rb5 Ra7 55. Kf4 Rf7+ 56. Kg4 Ra7 57. f4 Ke4 58. f5 gxf5+ 59. Rxf5
Kd4 60. Rb5 Kc3 61. Kf5 Rf7+ 62. Ke6 Ra7 63. Kf6 Ra6+ 64. Kg7 Ra7+ 65. Kg8 Kc4
66. g6 hxg6 67. h7 g5 68. h8=Q Ra8+ 69. Kg7 Rxh8 70. Kxh8 g4 71. Rg5 g3 72.
Rxg3 Kb4 73. Rg4+ Kb3 74. Kg7 1-0

[Event "NAYCC U18"]
[Site "Windsor CAN"]
[Date "2016.08.08"]
[Round "2.8"]
[White "Graif, William"]
[Black "Nguyen, Trung"]
[Result "1-0"]
[WhiteElo "2095"]
[BlackElo "2153"]
[PlyCount "121"]
[EventDate "2016.08.07"]
[EventType "swiss"]
[EventRounds "9"]
[EventCountry "CAN"]

1. e4 g6 2. d4 Bg7 3. Nc3 d6 4. f4 a6 5. a4 Nf6 6. Nf3 c5 7. Be2 cxd4 8. Nxd4
O-O 9. Nb3 Nc6 10. Be3 Be6 11. Bf3 Rc8 12. Nd5 Bxd5 13. exd5 Na5 14. Nxa5 Qxa5+
15. Qd2 Qc7 16. c3 Qc4 17. a5 Nd7 18. Bg4 f5 19. Be2 Qc7 20. Bd3 Nc5 21. Bc2
Kh8 22. Bd4 e5 23. dxe6 Nxe6 24. Bxg7+ Nxg7 25. O-O Rfd8 26. Rfe1 Re8 27. Qd5
Qc5+ 28. Qxc5 Rxc5 29. Rxe8+ Nxe8 30. Re1 Nf6 31. Re6 Nd5 32. Rxd6 Nxf4 33. g3
Nd5 34. Bb3 Ne3 35. Rd3 Ng4 36. Rd5 Rc7 37. Rd8+ Kg7 38. Bd5 Ne3 39. Bf3 Nc4
40. b4 Ne5 41. Bg2 Nf7 42. Rb8 Nd6 43. Kf1 Kf6 44. Ke2 g5 45. Kd3 Ke5 46. Rg8
g4 47. Rb8 Ke6 48. c4 Nxc4 49. Rxb7 Ne5+ 50. Ke2 Kd7 51. Ke3 Rxb7 52. Bxb7 Nc6
53. Bxa6 Nxb4 54. Bb5+ Ke6 55. Kd4 Kd6 56. a6 Kc7 57. Kc5 Nxa6+ 58. Bxa6 h5 59.
Kd5 f4 60. gxf4 h4 61. Ke6 1-0

[Event "NAYCC U18"]
[Site "Windsor CAN"]
[Date "2016.08.08"]
[Round "2.9"]
[White "Li, Ben"]
[Black "Wang, Jalen"]
[Result "1-0"]
[WhiteElo "2319"]
[BlackElo "2095"]
[PlyCount "65"]
[EventDate "2016.08.07"]
[EventType "swiss"]
[EventRounds "9"]
[EventCountry "CAN"]

1. d4 a6 2. c4 d6 3. Nc3 g6 4. e4 Bg7 5. Be3 c6 6. Bd3 b5 7. Nge2 Nd7 8. O-O
Ngf6 9. f3 b4 10. Na4 O-O 11. b3 Qc7 12. Qd2 c5 13. d5 Ne8 14. Rac1 Ne5 15. Bb1
f5 16. exf5 gxf5 17. Bh6 Bxh6 18. Qxh6 Rf6 19. Qg5+ Kf8 20. Nb2 Ng7 21. Nd3
Nxd3 22. Bxd3 a5 23. Nf4 h6 24. Qh4 Qd8 25. g4 Qe8 26. Kh1 Ra7 27. Nh3 Kg8 28.
Rg1 fxg4 29. fxg4 Qf7 30. Be4 e5 31. g5 Rf3 32. gxh6 Rxh3 33. h7+ 1-0

[Event "NAYCC U18"]
[Site "Windsor CAN"]
[Date "2016.08.08"]
[Round "2.10"]
[White "Song, Edward"]
[Black "Sheng, Joshua"]
[Result "1/2-1/2"]
[WhiteElo "2300"]
[BlackElo "2394"]
[PlyCount "92"]
[EventDate "2016.08.07"]
[EventType "swiss"]
[EventRounds "9"]
[EventCountry "CAN"]

1. e4 e5 2. Nf3 Nc6 3. Bb5 a6 4. Ba4 d6 5. O-O Bg4 6. h3 h5 7. Bxc6+ bxc6 8. d4
Bxf3 9. Qxf3 exd4 10. Rd1 Qf6 11. Qxf6 Nxf6 12. Rxd4 g6 13. Rd1 Bg7 14. Nc3 Rb8
15. Rb1 O-O 16. Bd2 Nd7 17. b3 Nc5 18. Re1 Rfe8 19. f3 Ne6 20. Rbc1 Rbd8 21.
Ne2 d5 22. exd5 cxd5 23. Rcd1 c6 24. Ba5 Rc8 25. Kf2 Bf6 26. Bc3 Bd8 27. Kf1
Ng7 28. Nd4 Rxe1+ 29. Bxe1 Bf6 30. Bf2 Ne8 31. Ne2 Kf8 32. Bc5+ Be7 33. Bf2 Nd6
34. a4 Re8 35. Nf4 Nb7 36. Nd3 Bd6 37. Nb2 Nc5 38. Nd3 Ne6 39. Nc1 Be7 40. Ne2
Bf6 41. Kg1 Rd8 42. Nc1 c5 43. Nd3 Be7 44. Ne5 Bf6 45. Nd3 Be7 46. Ne5 Bf6
1/2-1/2

[Event "NAYCC U18"]
[Site "Windsor CAN"]
[Date "2016.08.08"]
[Round "2.11"]
[White "Li, Yinshi"]
[Black "Wu, Christopher"]
[Result "0-1"]
[WhiteElo "2138"]
[BlackElo "2338"]
[PlyCount "84"]
[EventDate "2016.08.07"]
[EventType "swiss"]
[EventRounds "9"]
[EventCountry "CAN"]

1. d4 Nf6 2. c4 e6 3. Nf3 d5 4. Nc3 c6 5. e3 Nbd7 6. Qc2 Bd6 7. Bd3 O-O 8. O-O
dxc4 9. Bxc4 b5 10. Be2 Bb7 11. e4 e5 12. dxe5 Nxe5 13. Nxe5 Bxe5 14. Be3 Re8
15. Bf3 a6 16. Ne2 c5 17. Qxc5 Rc8 18. Qa7 Re7 19. Rfd1 Qe8 20. Qb6 Bc7 21. Qd4
Bxe4 22. Ng3 Rd7 23. Qb4 a5 24. Qe1 Bxf3 25. gxf3 Qe6 26. Rxd7 Nxd7 27. f4 Nf6
28. Qd2 Rd8 29. Qe2 Nd5 30. Rc1 Bxf4 31. Bxf4 Nxf4 32. Qxe6 Nxe6 33. Rc6 h5 34.
Rb6 h4 35. Ne4 Nf4 36. Nd6 Nd5 37. Rc6 Nb4 38. Rb6 Nxa2 39. Nxb5 Rd2 40. Ra6 h3
41. Kf1 Nc1 42. Rxa5 Rd1# 0-1

[Event "NAYCC U18"]
[Site "Windsor CAN"]
[Date "2016.08.08"]
[Round "2.12"]
[White "Karamsetty, Jeevan"]
[Black "Li, Ethan"]
[Result "1-0"]
[WhiteElo "2091"]
[BlackElo "2321"]
[PlyCount "137"]
[EventDate "2016.08.07"]
[EventType "swiss"]
[EventRounds "9"]
[EventCountry "CAN"]

1. e4 d5 2. exd5 Qxd5 3. Nc3 Qd6 4. d4 Nf6 5. Be2 c6 6. Nf3 Bf5 7. Be3 e6 8.
Qd2 Be7 9. Ne5 Nd5 10. O-O O-O 11. Rac1 Nxe3 12. Qxe3 Nd7 13. g4 Bg6 14. Nc4
Qc7 15. f4 h6 16. g5 b5 17. Nd2 hxg5 18. fxg5 e5 19. Nce4 exd4 20. Qh3 Nc5 21.
Bd3 Rae8 22. Rce1 Nxe4 23. Nxe4 c5 24. Bxb5 Rb8 25. Bc4 Rb6 26. Qg2 Bd6 27. h4
Bf4 28. Qf3 Be3+ 29. Kh1 Qc6 30. Bd5 Qc7 31. h5 Bxe4 32. Bxe4 Qe5 33. Bf5 Kh8
34. b3 Qd6 35. Bd3 Bxg5 36. Qf5 Qh6 37. Qxf7 Qc6+ 38. Kg1 Rxf7 39. Rxf7 Rb8 40.
Ref1 Be3+ 41. Kh2 Qd6+ 42. Kh3 Re8 43. R1f5 Bd2 44. Kg4 a6 45. a4 Be1 46. Rf3
Qd8 47. Kh3 a5 48. R7f5 Qd6 49. Kg2 Bd2 50. Rf7 Bh6 51. Bb5 Rd8 52. Bd3 Bg5 53.
R7f5 Bf6 54. h6 Rg8 55. Bc4 Re8 56. Rd5 Qe7 57. Rdf5 Rf8 58. hxg7+ Kxg7 59.
Rg3+ Kh6 60. Rh3+ Kg6 61. Bd3 Rg8 62. Rg3+ Kh6 63. Rxg8 Bg7 64. Rf3 Qg5+ 65.
Kf1 Qc1+ 66. Ke2 Qh1 67. Be4 Qg2+ 68. Kd3 Qg4 69. Rf6+ 1-0

[Event "NAYCC U18"]
[Site "Windsor CAN"]
[Date "2016.08.08"]
[Round "2.14"]
[White "Wahl, Jackson"]
[Black "Bian, Alex"]
[Result "1/2-1/2"]
[WhiteElo "1982"]
[BlackElo "2300"]
[PlyCount "55"]
[EventDate "2016.08.07"]
[EventType "swiss"]
[EventRounds "9"]
[EventCountry "CAN"]

1. d4 Nf6 2. c4 e6 3. Nc3 c5 4. d5 exd5 5. cxd5 d6 6. e4 g6 7. h3 Bg7 8. Nf3
O-O 9. Bd3 Nh5 10. O-O Nd7 11. Bg5 Bf6 12. Bh6 Bg7 13. Bg5 Bf6 14. Bh6 Re8 15.
g4 Ng7 16. Bf4 Ne5 17. Nxe5 Bxe5 18. Bxe5 Rxe5 19. f4 Re8 20. Qf3 f5 21. gxf5
gxf5 22. Kh2 Kh8 23. Rae1 Qf6 24. Re2 fxe4 25. Nxe4 Qf8 26. Ng5 Bf5 27. Bxf5
Qxf5 28. Rfe1 1/2-1/2

[Event "NAYCC U18"]
[Site "Windsor CAN"]
[Date "2016.08.08"]
[Round "2.15"]
[White "Sowa, Aidan"]
[Black "Doknjas, John"]
[Result "0-1"]
[WhiteElo "1910"]
[BlackElo "2200"]
[PlyCount "70"]
[EventDate "2016.08.07"]
[EventType "swiss"]
[EventRounds "9"]
[EventCountry "CAN"]

1. d4 Nf6 2. c4 c5 3. d5 e6 4. Nc3 exd5 5. cxd5 d6 6. e4 g6 7. f4 Bg7 8. Bb5+
Nfd7 9. Bd3 O-O 10. Nf3 Na6 11. O-O Nb6 12. h3 c4 13. Bc2 Nb4 14. Bb1 f5 15. a3
fxe4 16. Bxe4 Nd3 17. Bxd3 cxd3 18. Qxd3 Bf5 19. Qb5 a6 20. Qb3 Qc7 21. Be3 Nc4
22. Bf2 Nxb2 23. Bd4 Nd3 24. Bxg7 Qxg7 25. Ne2 Rae8 26. Nfd4 Nxf4 27. Rxf4 Rxe2
28. Raf1 Ree8 29. Nxf5 Rxf5 30. Rxf5 gxf5 31. Rxf5 Rf8 32. Qf3 Qa1+ 33. Kf2
Qb2+ 34. Kg1 Qb1+ 35. Kf2 Rxf5 0-1

[Event "NAYCC U18"]
[Site "Windsor CAN"]
[Date "2016.08.08"]
[Round "2.16"]
[White "Dommalapati, Abhinay"]
[Black "Han, Joseph"]
[Result "0-1"]
[WhiteElo "1832"]
[BlackElo "2172"]
[PlyCount "70"]
[EventDate "2016.08.07"]
[EventType "swiss"]
[EventRounds "9"]
[EventCountry "CAN"]

1. d4 Nf6 2. c4 g6 3. Nc3 Bg7 4. e4 d6 5. Nf3 O-O 6. Be2 Na6 7. O-O e5 8. Bg5
h6 9. Be3 Ng4 10. Qd2 Nxe3 11. Qxe3 exd4 12. Nxd4 Re8 13. Rad1 c6 14. f4 Qe7
15. Bf3 Nc5 16. b4 Ne6 17. Nce2 Nxd4 18. Nxd4 g5 19. g3 f5 20. Rfe1 Qf7 21.
fxg5 fxe4 22. Bxe4 Bg4 23. Rd2 d5 24. cxd5 cxd5 25. g6 Qd7 26. Qb3 Kh8 27. Nc2
Rad8 28. Rxd5 Qc7 29. Rxd8 Rxd8 30. Ne3 Qb6 31. Kh1 Be6 32. Qb1 Rd2 33. Bd3
Bxa2 34. Qc1 Rxd3 35. Nc4 Qc6+ 0-1

[Event "NAYCC U18"]
[Site "Windsor CAN"]
[Date "2016.08.08"]
[Round "3.2"]
[White "Shi, Diwen"]
[Black "Graif, William"]
[Result "1-0"]
[WhiteElo "2209"]
[BlackElo "2095"]
[PlyCount "49"]
[EventDate "2016.08.07"]
[EventType "swiss"]
[EventRounds "9"]
[EventCountry "CAN"]

1. e4 c5 2. Nf3 d6 3. d4 cxd4 4. Nxd4 Nf6 5. Nc3 g6 6. Be3 Bg7 7. f3 O-O 8. Qd2
Nc6 9. O-O-O d5 10. Qe1 e5 11. Nxc6 bxc6 12. exd5 Nxd5 13. Bb5 Bb7 14. Bc4 Qc7
15. Bxd5 cxd5 16. Nxd5 Bxd5 17. Rxd5 Qb7 18. Qa5 e4 19. Qb5 Bxb2+ 20. Kxb2 Qe7
21. Bc5 Qf6+ 22. Bd4 Qe6 23. Qd7 Qa6 24. Qd6 Rab8+ 25. Ka1 1-0

[Event "NAYCC U18"]
[Site "Windsor CAN"]
[Date "2016.08.08"]
[Round "3.3"]
[White "Proleiko, Julian"]
[Black "Li, Ben"]
[Result "1-0"]
[WhiteElo "2114"]
[BlackElo "2319"]
[PlyCount "61"]
[EventDate "2016.08.07"]
[EventType "swiss"]
[EventRounds "9"]
[EventCountry "CAN"]

1. Nf3 d5 2. g3 c5 3. Bg2 Nc6 4. d4 Nf6 5. O-O Bg4 6. Ne5 cxd4 7. Nxg4 Nxg4 8.
e3 Nf6 9. exd4 e6 10. c3 Bd6 11. Bg5 h6 12. Bxf6 Qxf6 13. Nd2 O-O 14. a4 Rab8
15. Qe2 a6 16. Rfe1 Rfc8 17. Nf3 Qd8 18. Ne5 Bxe5 19. dxe5 b5 20. axb5 axb5 21.
Rad1 Qc7 22. f4 b4 23. f5 bxc3 24. bxc3 exf5 25. e6 fxe6 26. Qxe6+ Kh8 27. Qxd5
Ne7 28. Qe5 Ng8 29. Qxf5 Qxc3 30. Qf3 Nf6 31. Rd8+ 1-0

[Event "NAYCC U18"]
[Site "Windsor CAN"]
[Date "2016.08.08"]
[Round "3.4"]
[White "Grabinsky, Aaron"]
[Black "Wang, Justin"]
[Result "1-0"]
[WhiteElo "2312"]
[BlackElo "2177"]
[PlyCount "93"]
[EventDate "2016.08.07"]
[EventType "swiss"]
[EventRounds "9"]
[EventCountry "CAN"]

1. e4 e5 2. Nf3 Nc6 3. Bb5 f5 4. d3 fxe4 5. dxe4 Nf6 6. O-O Bc5 7. Bxc6 bxc6 8.
Nxe5 O-O 9. Nc3 d6 10. Na4 Qe8 11. Nd3 Bb6 12. Nxb6 axb6 13. f3 Be6 14. Bg5 Nd7
15. b3 c5 16. c4 Bf7 17. a4 Qe6 18. Be3 Qe7 19. Nf4 c6 20. Qd2 Rfd8 21. Rae1
Ne5 22. Ne2 h6 23. Nc3 Nd7 24. Bf4 Nf6 25. Qf2 Nh5 26. Bc1 Qf6 27. Bb2 Qg6 28.
Rd1 Nf4 29. Kh1 Be6 30. Rd2 Rd7 31. Rfd1 Rad8 32. Qh4 Qf6 33. Qg3 Nh5 34. Qf2
Qg5 35. Ne2 Nf4 36. Ng1 Qe7 37. Ne2 Qg5 38. h4 Nh3 39. gxh3 Qe7 40. Rg1 Qf8 41.
Qg3 Rf7 42. f4 d5 43. f5 Bc8 44. Nf4 d4 45. Ng6 Qe8 46. Ne5 Rc7 47. f6 1-0

[Event "NAYCC U18"]
[Site "Windsor CAN"]
[Date "2016.08.08"]
[Round "3.5"]
[White "Niemann, Hans"]
[Black "Guo, Arthur"]
[Result "1-0"]
[WhiteElo "2298"]
[BlackElo "2155"]
[PlyCount "103"]
[EventDate "2016.08.07"]
[EventType "swiss"]
[EventRounds "9"]
[EventCountry "CAN"]

1. d4 Nf6 2. c4 e6 3. Nc3 Bb4 4. Bg5 c5 5. d5 h6 6. Bh4 Bxc3+ 7. bxc3 d6 8. e3
e5 9. Qc2 Qe7 10. Nf3 g5 11. Bg3 Kd8 12. Nd2 Nbd7 13. Bd3 Nh5 14. O-O-O Kc7 15.
Rde1 Ndf6 16. f4 Nxg3 17. hxg3 Bd7 18. Rhf1 Rae8 19. fxg5 hxg5 20. Ne4 Ng4 21.
Nd2 Rh2 22. Be4 Nf6 23. Nf3 Rh5 24. Bf5 e4 25. Nd2 Rh2 26. Bxd7 Nxd7 27. Re2 f6
28. Qa4 Qe5 29. Kc2 Nb6 30. Qb5 Re7 31. a4 Nc8 32. g4 Rh6 33. Qa5+ Kd7 34. Ref2
a6 35. Rb1 Ke8 36. Nf1 Reh7 37. Rf5 Qe7 38. Ng3 Rh2 39. Rf2 Qe5 40. Nh5 Rf7 41.
Rbf1 f5 42. Rxf5 Rxg2+ 43. Kb3 Rxf5 44. Rxf5 Qe7 45. Nf6+ Kf7 46. Nh7+ Kg6 47.
Nf8+ Kh6 48. Ne6 Rxg4 49. Rf8 Qd7 50. Rh8+ Kg6 51. Nf8+ Kg7 52. Rh7+ 1-0

[Event "NAYCC U18"]
[Site "Windsor CAN"]
[Date "2016.08.08"]
[Round "3.6"]
[White "Zhu, Hong Rui"]
[Black "Hong, Andrew"]
[Result "1-0"]
[WhiteElo "2232"]
[BlackElo "2297"]
[PlyCount "151"]
[EventDate "2016.08.07"]
[EventType "swiss"]
[EventRounds "9"]
[EventCountry "CAN"]

1. e4 c5 2. Nf3 d6 3. d4 cxd4 4. Nxd4 Nf6 5. Nc3 a6 6. Bg5 Nbd7 7. f4 e5 8. Nb3
h6 9. Bxf6 Nxf6 10. fxe5 dxe5 11. Qxd8+ Kxd8 12. O-O-O+ Ke8 13. Be2 Bb4 14. Nd5
Nxd5 15. Rxd5 Be6 16. Rxe5 Bd6 17. Ra5 Bxb3 18. axb3 Ke7 19. Rd5 Rhd8 20. g3 f6
21. c3 Be5 22. Kc2 Rd6 23. b4 Kd7 24. Rhd1 Rd8 25. c4 Rxd5 26. exd5 Ra8 27. c5
Kd8 28. Bf3 Rb8 29. d6 Kd7 30. Be4 Ke6 31. Bd5+ Kd7 32. Be4 Ke6 33. Ra1 f5 34.
Bd3 g6 35. Bc4+ Kd7 36. Ra2 Bd4 37. Kd3 Be5 38. Bf7 g5 39. b3 Bf6 40. Re2 Kc6
41. Kc4 b5+ 42. Kd3 a5 43. Re6 Bd8 44. Re5 axb4 45. Be8+ Kb7 46. c6+ Kb6 47.
Rxb5+ Ka7 48. Rxb8 Kxb8 49. c7+ Bxc7 50. dxc7+ Kxc7 51. Bg6 f4 52. gxf4 gxf4
53. Ke4 Kd6 54. Kxf4 Ke6 55. Be4 Kf6 56. Bd5 Kg6 57. h3 Kf6 58. Ke4 h5 59. Kd4
Ke7 60. h4 Kf6 61. Bf3 Kg6 62. Kc5 Kh6 63. Kxb4 Kg6 64. Kc5 Kf5 65. b4 Kf4 66.
Bxh5 Kg3 67. b5 Kxh4 68. Bd1 Kg3 69. b6 Kf2 70. b7 Ke1 71. b8=Q Kxd1 72. Qb2
Ke1 73. Qg2 Kd1 74. Kc4 Kc1 75. Kc3 Kb1 76. Qb2# 1-0

[Event "NAYCC U18"]
[Site "Windsor CAN"]
[Date "2016.08.08"]
[Round "3.7"]
[White "Peng, David"]
[Black "Song, Terry"]
[Result "1-0"]
[WhiteElo "2283"]
[BlackElo "2208"]
[PlyCount "101"]
[EventDate "2016.08.07"]
[EventType "swiss"]
[EventRounds "9"]
[EventCountry "CAN"]

1. e4 c5 2. Nf3 d6 3. d4 cxd4 4. Nxd4 Nf6 5. Nc3 a6 6. g3 e5 7. Nb3 Be7 8. Bg2
b5 9. a4 b4 10. Nd5 Nxd5 11. Qxd5 Ra7 12. Be3 Be6 13. Qd3 Rb7 14. a5 Qc7 15.
Nd2 O-O 16. O-O Qc6 17. Rfc1 Rc8 18. f4 Nd7 19. Qe2 Nc5 20. f5 Bd7 21. b3 Rbc7
22. g4 Qb7 23. Qe1 Qc6 24. Rd1 Qb7 25. g5 Bb5 26. Qg3 Bf8 27. g6 f6 28. gxh7+
Kh8 29. Qh3 Nd7 30. Nf3 Be2 31. Nh4 Bh5 32. Bf3 Be8 33. Ng6+ Bxg6 34. fxg6 Re8
35. Rac1 Nc5 36. Rd5 Qb5 37. Ra1 Qb8 38. Bxc5 Rxc5 39. Rxc5 dxc5 40. Qf1 Qc8
41. Qc4 Bd6 42. Rd1 Rd8 43. Rd5 Be7 44. Rxd8+ Qxd8 45. Qxa6 f5 46. Qd3 Qxa5 47.
exf5 Qa1+ 48. Kg2 Qa7 49. Qd5 Qb8 50. Be2 Bd6 51. Bc4 1-0

[Event "NAYCC U18"]
[Site "Windsor CAN"]
[Date "2016.08.08"]
[Round "3.8"]
[White "Wu, Christopher"]
[Black "Karamsetty, Jeevan"]
[Result "1-0"]
[WhiteElo "2338"]
[BlackElo "2091"]
[PlyCount "85"]
[EventDate "2016.08.07"]
[EventType "swiss"]
[EventRounds "9"]
[EventCountry "CAN"]

1. e4 e5 2. Nf3 Nc6 3. Bb5 a6 4. Ba4 Nf6 5. O-O Be7 6. Re1 b5 7. Bb3 d6 8. a4
Rb8 9. c3 O-O 10. d4 Bg4 11. axb5 Bxf3 12. gxf3 Rxb5 13. Rxa6 Rb6 14. Rxb6 cxb6
15. f4 Qc8 16. f5 Rd8 17. d5 Nb8 18. Qf3 Nbd7 19. Kh1 Qa6 20. Na3 Rc8 21. Bc2
Nc5 22. Qe2 Qa8 23. b4 Ncd7 24. Bb2 g6 25. fxg6 fxg6 26. Nb5 Qb7 27. Ra1 Ra8
28. Qd1 Qc8 29. Rxa8 Qxa8 30. Bc1 Qc8 31. Be3 Nh5 32. Qg4 Qc4 33. Qe6+ Kh8 34.
Kg2 Qxb5 35. Qxe7 Ndf6 36. Bd1 Qd7 37. Qxd7 Nxd7 38. Bxh5 gxh5 39. Bg5 b5 40.
Be7 Nb6 41. Bxd6 Nc4 42. Bc7 Kg8 43. d6 1-0

[Event "NAYCC U18"]
[Site "Windsor CAN"]
[Date "2016.08.08"]
[Round "3.10"]
[White "Mathews, Jeremy"]
[Black "Song, Edward"]
[Result "0-1"]
[WhiteElo "1701"]
[BlackElo "2300"]
[PlyCount "60"]
[EventDate "2016.08.07"]
[EventType "swiss"]
[EventRounds "9"]
[EventCountry "CAN"]

1. e4 c5 2. Nf3 e6 3. c3 Nf6 4. e5 Nd5 5. d4 cxd4 6. cxd4 d6 7. Nc3 Nxc3 8.
bxc3 Qc7 9. Bd2 Nd7 10. exd6 Bxd6 11. Bd3 b6 12. Ng5 Nf6 13. Ne4 Nxe4 14. Bxe4
Rb8 15. Qe2 O-O 16. g3 Bb7 17. O-O Bxe4 18. Qxe4 Rbc8 19. Rfe1 Qc4 20. Qe2 b5
21. Rab1 a6 22. Qd1 Rc6 23. Qb3 Rfc8 24. Re4 Qd3 25. d5 Rxc3 26. Bxc3 Rxc3 27.
Qb2 Qxe4 28. dxe6 fxe6 29. Rd1 Rc6 30. Qd2 Bf8 0-1

[Event "NAYCC U18"]
[Site "Windsor CAN"]
[Date "2016.08.08"]
[Round "3.11"]
[White "Doknjas, John"]
[Black "Yaskolko, Alexander"]
[Result "1-0"]
[WhiteElo "2200"]
[BlackElo "1735"]
[PlyCount "69"]
[EventDate "2016.08.07"]
[EventType "swiss"]
[EventRounds "9"]
[EventCountry "CAN"]

1. d4 Nf6 2. c4 e5 3. dxe5 Ng4 4. Bf4 Nc6 5. Nf3 Bb4+ 6. Nbd2 Qe7 7. e3 O-O 8.
Be2 Ngxe5 9. Nxe5 Nxe5 10. O-O d6 11. Nb3 Qf6 12. a3 Bc5 13. Nxc5 dxc5 14. Qd5
Ng6 15. Bxc7 Qxb2 16. Bf3 Nh4 17. Be4 Qf6 18. Bg3 Be6 19. Qxc5 Rfc8 20. Qh5 Nf5
21. Bxb7 Bxc4 22. Rfc1 Nxg3 23. hxg3 Rab8 24. Bxc8 Rxc8 25. Rab1 g6 26. Qh6 Qa6
27. Qf4 Be6 28. Rxc8+ Bxc8 29. Rb8 Kg7 30. Qe5+ Kh6 31. Rb4 g5 32. Rd4 Qg6 33.
Rd6 Be6 34. f4 gxf4 35. gxf4 1-0

[Event "NAYCC U18"]
[Site "Windsor CAN"]
[Date "2016.08.08"]
[Round "3.12"]
[White "Han, Joseph"]
[Black "Bian, Alex"]
[Result "1/2-1/2"]
[WhiteElo "2172"]
[BlackElo "2300"]
[PlyCount "75"]
[EventDate "2016.08.07"]
[EventType "swiss"]
[EventRounds "9"]
[EventCountry "CAN"]

1. e4 c5 2. Nf3 Nc6 3. Bb5 g6 4. Bxc6 dxc6 5. d3 Bg7 6. h3 Nf6 7. Nc3 O-O 8.
Be3 b6 9. Qd2 e5 10. O-O Qd6 11. Nh2 Nh5 12. Bh6 Be6 13. b3 a5 14. Bxg7 Kxg7
15. Rae1 Rab8 16. Ne2 f6 17. f4 exf4 18. Nxf4 Nxf4 19. Rxf4 a4 20. Nf3 c4 21.
Rh4 Rb7 22. Qh6+ Kg8 23. e5 fxe5 24. Nxe5 cxd3 25. cxd3 axb3 26. axb3 Bf5 27.
Qc1 c5 28. Qc4+ Be6 29. Qc3 Rg7 30. d4 Bd5 31. dxc5 bxc5 32. Nc4 Qd8 33. Rg4
Qb8 34. Rg5 Qd8 35. Qe5 Rd7 36. Rg3 Bxc4 37. bxc4 Qc7 38. Qxc7 1/2-1/2

[Event "NAYCC U18"]
[Site "Windsor CAN"]
[Date "2016.08.08"]
[Round "3.13"]
[White "Sheng, Joshua"]
[Black "Wang, Jalen"]
[Result "1/2-1/2"]
[WhiteElo "2394"]
[BlackElo "2095"]
[PlyCount "34"]
[EventDate "2016.08.07"]
[EventType "swiss"]
[EventRounds "9"]
[EventCountry "CAN"]

1. e4 a6 2. c4 c5 3. Nf3 Nc6 4. d4 cxd4 5. Nxd4 e5 6. Nc2 Bc5 7. Be2 Nge7 8.
O-O O-O 9. Nc3 f5 10. exf5 d6 11. f6 Rxf6 12. Ne4 Rf8 13. Be3 Bxe3 14. fxe3
Rxf1+ 15. Bxf1 Bf5 16. Bd3 d5 17. Nc3 dxc4 1/2-1/2

[Event "NAYCC U18"]
[Site "Windsor CAN"]
[Date "2016.08.08"]
[Round "3.14"]
[White "Nguyen, Trung"]
[Black "Wahl, Jackson"]
[Result "1/2-1/2"]
[WhiteElo "2153"]
[BlackElo "1982"]
[PlyCount "233"]
[EventDate "2016.08.07"]
[EventType "swiss"]
[EventRounds "9"]
[EventCountry "CAN"]

1. d4 d5 2. c4 e6 3. Nf3 Nf6 4. g3 Be7 5. Bg2 O-O 6. O-O dxc4 7. Qc2 a6 8. Qxc4
b5 9. Qc2 Bb7 10. Bd2 Nc6 11. e3 Nb4 12. Bxb4 Bxb4 13. a3 Bd6 14. Nbd2 Qe7 15.
Rac1 Rfc8 16. Nb3 Be4 17. Qd2 c5 18. dxc5 Bxc5 19. Nxc5 Rxc5 20. Rxc5 Qxc5 21.
Rc1 Qe7 22. Nd4 Bxg2 23. Kxg2 Qb7+ 24. Nc6 Qd7 25. Qc2 h5 26. h4 Ng4 27. Nb4
Rd8 28. Nc6 Re8 29. Nb4 Rd8 30. Nc6 Re8 31. Qd1 Qc7 32. Nb4 Qa7 33. Qd6 Qa8+
34. Qc6 Ne5 35. Qxa8 Rxa8 36. b3 a5 37. Nc6 Nxc6 38. Rxc6 a4 39. Rc3 Kf8 40.
Kf3 axb3 41. Rxb3 Ke7 42. Rxb5 Rxa3 43. Rxh5 Ra2 44. Rb5 f5 45. g4 fxg4+ 46.
Kg3 Kf6 47. Rg5 e5 48. Rxg4 g6 49. Rb4 Ra6 50. Kg4 Rc6 51. Rb8 Rc4+ 52. Kg3 Rc6
53. Rb4 Kf5 54. Rb8 Kf6 55. Kf3 Ra6 56. Rb5 Kf5 57. Rb8 Kf6 58. Rf8+ Kg7 59.
Rd8 Kf6 60. Rb8 Rc6 61. Rb7 Ra6 62. Kg3 Rc6 63. Rh7 Rc4 64. h5 gxh5 65. Rxh5
Ra4 66. Rh6+ Kg5 67. Rb6 Kf5 68. Kf3 Ra3 69. Rb5 Rc3 70. Ke2 Rc2+ 71. Kf3 Rc3
72. Rd5 Ra3 73. Rd8 Ra4 74. Rh8 Kg5 75. Rf8 Rb4 76. e4 Rb3+ 77. Ke2 Kg4 78. Rf5
Rb5 79. Kd3 Ra5 80. Kc4 Kh4 81. Kb4 Ra2 82. Kc5 Rd2 83. Rxe5 Rxf2 84. Re8 Re2
85. Kd5 Kg5 86. Ke5 Kg6 87. Rf8 Ra2 88. Rf6+ Kg7 89. Rd6 Kf7 90. Rd7+ Ke8 91.
Ke6 Re2 92. Rd4 Rh2 93. Ra4 Rh6+ 94. Kd5 Ke7 95. Ra7+ Ke8 96. Rc7 Rg6 97. Rc8+
Ke7 98. Rh8 Ra6 99. Rh7+ Ke8 100. Ke5 Rb6 101. Ra7 Rh6 102. Kf5 Rb6 103. Ra5
Ke7 104. Ra7+ Ke8 105. Ra3 Ke7 106. e5 Rc6 107. Rg3 Ra6 108. Rg7+ Ke8 109. Rc7
Rb6 110. Ke4 Ra6 111. Kd5 Rb6 112. Ra7 Rh6 113. Ra8+ Ke7 114. Ra7+ Ke8 115. Ra4
Ke7 116. Rf4 Ra6 117. Ke4 1/2-1/2

[Event "NAYCC U18"]
[Site "Windsor CAN"]
[Date "2016.08.08"]
[Round "3.15"]
[White "Li, Ethan"]
[Black "Li, Yinshi"]
[Result "1/2-1/2"]
[WhiteElo "2321"]
[BlackElo "2138"]
[PlyCount "38"]
[EventDate "2016.08.07"]
[EventType "swiss"]
[EventRounds "9"]
[EventCountry "CAN"]

1. d4 d5 2. Nc3 Nf6 3. Bf4 Bf5 4. f3 e6 5. g4 Bg6 6. h4 h6 7. e3 Bd6 8. Nh3 a6
9. Bd3 Bxd3 10. Qxd3 c5 11. dxc5 Bxc5 12. O-O-O Nc6 13. g5 Nd7 14. g6 Qe7 15.
gxf7+ Qxf7 16. Kb1 O-O-O 17. Qe2 e5 18. Bg3 Nf6 19. Nf2 Kb8 1/2-1/2

[Event "NAYCC U18"]
[Site "Windsor CAN"]
[Date "2016.08.09"]
[Round "4.1"]
[White "Shi, Diwen"]
[Black "Grabinsky, Aaron"]
[Result "0-1"]
[WhiteElo "2209"]
[BlackElo "2312"]
[PlyCount "98"]
[EventDate "2016.08.07"]
[EventType "swiss"]
[EventRounds "9"]
[EventCountry "CAN"]

1. e4 e6 2. d4 d5 3. Nc3 Bb4 4. e5 b6 5. a3 Bf8 6. Nf3 Ba6 7. Bxa6 Nxa6 8. Qd3
Nb8 9. Ne2 Ne7 10. O-O Qd7 11. Rd1 Nf5 12. c4 c6 13. h3 Be7 14. Bf4 Qb7 15.
Rac1 O-O 16. cxd5 cxd5 17. Qc2 Nd7 18. Qc7 Rab8 19. Qxb7 Rxb7 20. Rc2 Bd8 21.
Rdc1 b5 22. Bg5 Ne7 23. Bxe7 Bxe7 24. Rc7 Rfb8 25. Rxb7 Rxb7 26. Rc8+ Bf8 27.
Ne1 Nb6 28. Rc6 Nc4 29. Nd3 h6 30. Nc5 Rb8 31. b3 Nxa3 32. Nd7 Rb7 33. Nc5 Rb8
34. Nd7 Ra8 35. Ra6 Nc2 36. Nb6 Rb8 37. Nd7 Rb7 38. Nc5 Rc7 39. Ra2 Nxd4 40.
Nxd4 Bxc5 41. Nxb5 Rb7 42. Nd6 Rd7 43. Nb5 f6 44. Rc2 Bb6 45. Rc8+ Kh7 46. Re8
fxe5 47. Rxe6 d4 48. Rxe5 d3 49. Nc3 Bd4 0-1